00960cpcaa2200277 a 4500001001300000003000400013005001700017008004100034010001700075040002400092072001200116100001900128245003200147300001300179506002200192520015500214545005600369546003600425651002900461651002900490650003700519650004700556650003500603656002700638999001700665mm 93082570 DLC20260227111724.0931118|||||||||||| eng  amm 93082570  aDLCcDLCedacsdDLC 7aW2lcmd1 aNash, Edwin R.00aEdwin R. Nash diary,f1865. a1fitem.0 aOpen to research.8 aDiary (1865 circa August 2-September 26) kept by Nash while a member of the Powder River Expedition against the Dakota Indians in Wyoming and Montana.0 aArmy officer. Later, a hotel owner in Rixford, Pa. aCollection material in English. 0aDakota IndianszMontana. 0aDakota IndianszWyoming. 0aDakota IndiansxWars, 1862-1865. 0aIndians of North AmericaxWarsy1862-1865. 0aPowder River Expedition, 1865. 7aArmy officers.2itoamc c44286d44286